=LDR 00000nam 2200000 4500 =001 INLIS000000000047282 =005 20250314015109 =035 ##$$a 0010-091500000000112 =008 250314################d##########0#ind## =082 ##$$a 028.5 =090 ##$$a 028.5 tau s.5 =100 ##$$a Taufik Remington =245 1#$$a Selalu menepati janji /$c Taufik Remington =260 ##$$a Bandung :$b Puri Delco,$c 2012 =300 ##$$a 70 hlm. : $b ilus. ; $c 21 x 15 cm. =850 ##$$a NPBMAT =020 ##$$a 9786028713-71-9 =084 ##$$a 028.5 TAU s =250 ##$$a Cet. 1 =650 #4$$a Bacaan Kanak-kanak =990 ##$$a 0001/BPAP-NTB/2015 =990 ##$$a 01201800880 =990 ##$$a 21305297